Every Country to Win a Medal at the 2024 Olympics - Statistics

General Stats
  • This quiz has been taken 42 times
  • The average score is 67 of 92
Answer Stats
Gold Silver Bronze Country/Team % Correct
18 19 16 Australia
100%
10 7 3 New Zealand
100%
40 44 42 USA
100%
40 27 24 China
97%
16 26 22 France
97%
14 22 29 Great Britain
97%
20 12 13 Japan
97%
13 9 10 South Korea
97%
12 13 8 Germany
94%
12 13 15 Italy
94%
0 3 2 Mexico
94%
4 4 3 Sweden
94%
3 7 10 Brazil
92%
9 7 11 Canada
92%
2 1 6 Cuba
92%
2 2 5 Denmark
92%
4 1 3 Norway
92%
1 1 1 Argentina
89%
0 1 5 India
89%
15 7 12 Netherlands
89%
1 4 5 Poland
89%
1 2 1 Portugal
89%
5 4 9 Spain
89%
3 1 6 Belgium
86%
1 1 1 Egypt
86%
1 1 6 Greece
86%
1 2 5 Switzerland
86%
1 1 0 Chile
83%
6 7 6 Hungary
83%
2 0 1 Indonesia
83%
1 3 2 Jamaica
83%
3 4 2 Romania
83%
2 0 3 Austria
81%
1 0 1 Morocco
81%
0 0 1 Peru
81%
1 3 2 South Africa
81%
3 0 2 Czechia
78%
1 0 2 Dominican Republic
78%
0 1 0 Fiji
78%
3 6 3 Iran
78%
4 0 3 Ireland
78%
1 0 0 Pakistan
78%
2 1 0 Slovenia
78%
0 3 5 Turkey
78%
1 5 1 Israel
75%
4 2 5 Kenya
75%
0 2 4 North Korea
75%
0 1 0 Panama
75%
3 1 1 Serbia
75%
0 0 1 Slovakia
75%
3 5 4 Ukraine
75%
2 0 1 Algeria
72%
0 3 1 Colombia
72%
1 2 2 Ecuador
72%
1 3 0 Ethiopia
72%
0 2 2 Lithuania
72%
0 0 1 Singapore
72%
0 0 2 Albania
69%
2 2 3 Croatia
69%
1 0 0 Dominica
69%
0 1 0 Jordan
69%
1 3 3 Kazakhstan
69%
2 0 2 Philippines
69%
8 2 3 Uzbekistan
69%
1 0 1 Guatemala
67%
1 3 2 Thailand
67%
1 1 1 Tunisia
67%
2 2 3 Azerbaijan
64%
3 1 3 Bulgaria
64%
0 1 0 Mongolia
64%
0 0 1 Qatar
64%
1 1 0 Saint Lucia
64%
0 3 1 Armenia
61%
0 1 1 Kosovo
61%
0 0 2 Malaysia
61%
0 0 3 Tajikistan
58%
1 1 0 Uganda
58%
0 0 1 Zambia
58%
2 1 1 Bahrain
56%
3 3 1 Georgia
56%
1 1 0 Botswana
53%
0 2 4 Kyrgyzstan
53%
0 1 0 Cyprus
50%
0 0 2 Grenada
50%
0 0 1 Ivory Coast
47%
0 1 3 Moldova
42%
0 0 2 Puerto Rico
42%
2 0 2 Hong Kong
31%
2 0 5 Chinese Taipei
28%
0 0 1 Cape Verde
17%
0 0 1 Refugee Olympic Team
3%
1 3 1 Individual Neutral Athletes
0%
No matching quizzes found
Score Distribution
Percent of People with Each Score
Percentile by Number Answered
Your Score History
You have not taken this quiz